Squeak, squeal, squawk / (Record no. 6636)

MARC details
000 -LEADER
fixed length control field 01226cam a22004094a 4500
001 - CONTROL NUMBER
control field 6636
003 - CONTROL NUMBER IDENTIFIER
control field FISKH
005 - DATE AND TIME OF LATEST TRANSACTION
control field 20251219081937.0
008 - FIXED-LENGTH DATA ELEMENTS--GENERAL INFORMATION
fixed length control field 100318s2011 flua j b 001 0 eng
010 ## - LIBRARY OF CONGRESS CONTROL NUMBER
LC control number 2010010105
020 ## - INTERNATIONAL STANDARD BOOK NUMBER
International Standard Book Number 9781615902613 (alk. paper)
020 ## - INTERNATIONAL STANDARD BOOK NUMBER
International Standard Book Number 9781615905010
020 ## - INTERNATIONAL STANDARD BOOK NUMBER
International Standard Book Number 1615902619 (alk. paper)
020 ## - INTERNATIONAL STANDARD BOOK NUMBER
International Standard Book Number 9781615905010 (pbk.)
020 ## - INTERNATIONAL STANDARD BOOK NUMBER
International Standard Book Number 1615905014 (pbk.)
040 ## - CATALOGING SOURCE
Original cataloging agency DLC
Transcribing agency DLC
Modifying agency DLC
050 ## - LIBRARY OF CONGRESS CALL NUMBER
Classification number BF469.M5845
082 ## - DEWEY DECIMAL CLASSIFICATION NUMBER
Classification number 591.3
100 1# - MAIN ENTRY--PERSONAL NAME
Personal name Mitten, Luana K.
245 10 - TITLE STATEMENT
Title Squeak, squeal, squawk /
Statement of responsibility, etc. Luana K. Mitten.
260 ## - PUBLICATION, DISTRIBUTION, ETC.
Place of publication, distribution, etc. Vero Beach :
Name of publisher, distributor, etc. Rourke Publishing,
Date of publication, distribution, etc. 2011.
300 ## - PHYSICAL DESCRIPTION
Extent 24 pages :
Other physical details color illustrations ;
Dimensions 21 cm
490 0# - SERIES STATEMENT
Series statement Animal babies and me
490 1# - SERIES STATEMENT
Series statement Rourke discovery library
504 ## - BIBLIOGRAPHY, ETC. NOTE
Bibliography, etc. note Includes bibliographical references and index.
505 ## - FORMATTED CONTENTS NOTE
Formatted contents note aa
520 ## - SUMMARY, ETC.
Summary, etc. Learn about the sounds that different animal babies make.
521 8# - TARGET AUDIENCE NOTE
Target audience note 70<br/>
Source Lexile<br/>
521 8# - TARGET AUDIENCE NOTE
Target audience note aa<br/>
Source Raz-Plus<br/>
650 #0 - SUBJECT ADDED ENTRY--TOPICAL TERM
Topical term or geographic name entry element Space perception
Form subdivision Juvenile literature.
650 #1 - SUBJECT ADDED ENTRY--TOPICAL TERM
Topical term or geographic name entry element Animals.
650 #1 - SUBJECT ADDED ENTRY--TOPICAL TERM
Topical term or geographic name entry element Animal sounds.
830 #0 - SERIES ADDED ENTRY--UNIFORM TITLE
Uniform title Rourke discovery library.
906 ## - LOCAL DATA ELEMENT F, LDF (RLIN)
a 7
b cbc
c orignew
d 1
e ecip
f 20
g y-gencatlg
942 ## - ADDED ENTRY ELEMENTS (KOHA)
Source of classification or shelving scheme Dewey Decimal Classification
Koha item type Books
Suppress in OPAC No
Holdings
Withdrawn status Lost status Source of classification or shelving scheme Damaged status Not for loan Collection Home library Current library Shelving location Date acquired Total Checkouts Full call number Barcode Date last seen Copy number Price effective from Koha item type
    Dewey Decimal Classification     Non-Fiction Footprints International School Library Network Toul Kork Campus Footprints International School Library Network Toul Kork Campus TK Primary Library Room(4th Floor), Bookcase 7, Shelves 57-60, Dark Green Books 05/16/2025   MIT 591.3 BF469.M5845 FISTK02675 05/16/2025 1 05/16/2025 Books
    Dewey Decimal Classification     Non-Fiction Footprints International School Library Network Toul Tom Poung Campus Footprints International School Library Network Toul Tom Poung Campus TTP Primary Green Bookshelves 12/19/2025   MIT 591.3 BF469.M5845 FIS02757 12/19/2025 2 12/19/2025 Books